[Event "Madrid 2019-2020 ch - Previa A"]
[Site "Madrid ESP"]
[Date "2020.02.10"]
[Round "4.24"]
[White "Martinez Pascual, Gonzalo"]
[Black "Sarabia Diaz, Santiago"]
[Result "1-0"]
[WhiteElo "1559"]
[BlackElo "1724"]
[PlyCount "73"]
[EventDate "2020.02.03"]
[EventType "swiss"]
[EventRounds "9"]
[EventCountry "ESP"]
[SourceTitle "Ajedrez en Madrid"]
[Source "lmi"]
[SourceDate "2020.02.03"]
[SourceVersion "1"]
[SourceVersionDate "2020.02.27"]
[SourceQuality "1"]

1. d4 Nf6 2. Bf4 g6 3. e3 Bg7 4. Nf3 d6 5. Be2 Nh5 6. Bg5 c5 7. c3 Qb6 8. Qb3
O-O 9. Bxe7 Re8 10. Qxb6 axb6 11. Bxd6 Be6 12. a3 c4 13. Ne5 Rd8 14. Bxb8 Raxb8
15. Nxc4 Rdc8 16. Ncd2 f5 17. Bxh5 gxh5 18. Nf3 h6 19. Nbd2 Kh7 20. Rc1 Rc7 21.
O-O Bf6 22. e4 Rg8 23. Kh1 Rcg7 24. Rg1 h4 25. d5 Bc8 26. e5 Be7 27. d6 Bd8 28.
Nd4 h3 29. gxh3 Bg5 30. Rcd1 b5 31. N2f3 b6 32. h4 Bb7 33. Rg3 f4 34. Rg4 h5
35. Rxg5 Rxg5 36. hxg5 Rxg5 37. d7 1-0

[Event "Madrid 2019-2020 ch - Previa A"]
[Site "Madrid ESP"]
[Date "2020.02.10"]
[Round "4.25"]
[White "Cruz Gonzalez, Antonio"]
[Black "Menendez Domens, Juan Manuel"]
[Result "1/2-1/2"]
[WhiteElo "1719"]
[BlackElo "1445"]
[PlyCount "123"]
[EventDate "2020.02.03"]
[EventType "swiss"]
[EventRounds "9"]
[EventCountry "ESP"]
[SourceTitle "Ajedrez en Madrid"]
[Source "lmi"]
[SourceDate "2020.02.03"]
[SourceVersion "1"]
[SourceVersionDate "2020.02.27"]
[SourceQuality "1"]

1. e4 e6 2. d3 d5 3. Nd2 c5 4. Ngf3 Nf6 5. g3 g6 6. Bg2 Bg7 7. c3 Nc6 8. O-O
O-O 9. e5 Nd7 10. d4 cxd4 11. cxd4 Qb6 12. Nb3 f6 13. exf6 Nxf6 14. Re1 Ne4 15.
Be3 a5 16. Rb1 Nd6 17. Ne5 Qd8 18. f4 Nf5 19. Qc1 Nb4 20. a3 Bxe5 21. axb4 Nxe3
22. Rxe3 Bc7 23. Nc5 Rf6 24. Qe1 Kf7 25. Bh3 Qd6 26. Rc1 Bb6 27. Rc2 axb4 28.
Rce2 Bxc5 29. dxc5 Qxc5 30. Kg2 Ra6 31. Rb3 Rb6 32. Qd1 d4 33. Rc2 Qd5+ 34. Rf3
Rc6 35. Rd2 Rc4 36. Kf2 e5 37. Bxc8 Rxc8 38. fxe5 Rxf3+ 39. Qxf3+ Qxf3+ 40.
Kxf3 Ke6 41. Ke4 Rc5 42. Rxd4 Rxe5+ 43. Kf3 Rb5 44. Rc4 b3 45. Rc7 h5 46. h4
Rf5+ 47. Kg2 Rb5 48. Rg7 Kf6 49. Rc7 Rd5 50. Rxb7 Rd2+ 51. Kf3 Rxb2 52. Rb5 Rb1
53. Kg2 b2 54. Kh2 Ke6 55. Kg2 Kd6 56. Rb6+ Kc5 57. Rb8 Kc4 58. Rc8+ Kd5 59.
Rd8+ Ke6 60. Rb8 Kf7 61. Rb6 Kg7 62. Rb5 1/2-1/2

[Event "Madrid 2019-2020 ch - Previa A"]
[Site "Madrid ESP"]
[Date "2020.02.10"]
[Round "4.26"]
[White "Enriquez Pastor, Jorge"]
[Black "Lopez Heras, Arturo"]
[Result "0-1"]
[WhiteElo "1513"]
[BlackElo "1719"]
[PlyCount "90"]
[EventDate "2020.02.03"]
[EventType "swiss"]
[EventRounds "9"]
[EventCountry "ESP"]
[SourceTitle "Ajedrez en Madrid"]
[Source "lmi"]
[SourceDate "2020.02.03"]
[SourceVersion "1"]
[SourceVersionDate "2020.02.27"]
[SourceQuality "1"]

1. e4 e5 2. Nf3 Nc6 3. Bb5 f5 4. exf5 e4 5. Qe2 Qe7 6. Bxc6 dxc6 7. Nd4 Nf6 8.
Nc3 c5 9. Nb3 Bxf5 10. h3 c6 11. Qe3 Nd5 12. Qg3 Qd6 13. Qxd6 Bxd6 14. Nd1 O-O
15. Ne3 Nxe3 16. dxe3 b6 17. O-O Rf6 18. Bd2 Be5 19. Rab1 Raf8 20. Nc1 Bc8 21.
c4 b5 22. b3 bxc4 23. bxc4 Ba6 24. f4 exf3 25. Rxf3 Rxf3 26. gxf3 Rxf3 27. Nd3
Bd6 28. Nf4 Bxc4 29. Kg2 Bxa2 30. Rb2 Bd5 31. Kg1 c4 32. Rb7 Be5 33. Kg2 Rxf4+
34. Kg1 Rf3 35. Re7 c3 36. Bc1 Bf6 37. Re8+ Kf7 38. Ra8 Rxh3 39. Rxa7+ Ke6 40.
Ra8 Rh1+ 41. Kf2 Rxc1 42. Re8+ Kd7 43. Ra8 c2 44. Ra7+ Kd6 45. Ke2 Rd1 0-1

[Event "Madrid 2019-2020 ch - Previa A"]
[Site "Madrid ESP"]
[Date "2020.02.10"]
[Round "4.27"]
[White "Lopez Guitian, Juan J."]
[Black "Jara Sanchez, Carlos"]
[Result "1-0"]
[WhiteElo "1497"]
[BlackElo "1652"]
[PlyCount "85"]
[EventDate "2020.02.03"]
[EventType "swiss"]
[EventRounds "9"]
[EventCountry "ESP"]
[SourceTitle "Ajedrez en Madrid"]
[Source "lmi"]
[SourceDate "2020.02.03"]
[SourceVersion "1"]
[SourceVersionDate "2020.02.27"]
[SourceQuality "1"]

1. c4 Nf6 2. Nc3 e6 3. Nf3 c5 4. g3 d5 5. cxd5 exd5 6. d4 c4 7. Bg2 Bb4 8. Bd2
O-O 9. O-O Nc6 10. b3 Qa5 11. Qc2 Re8 12. Rfe1 g6 13. a3 Bxc3 14. Bxc3 Qd8 15.
bxc4 Bf5 16. Qa2 Ne4 17. Bb2 dxc4 18. Qxc4 Be6 19. Qd3 Bd5 20. Rad1 f5 21. Ne5
Nf6 22. f3 Qb6 23. Nc4 Qb5 24. Rc1 Kf8 25. Ba1 Rad8 26. Qc3 Bxc4 27. Qxc4 Qxc4
28. Rxc4 Nd5 29. e4 Nb6 30. Rc5 Nxd4 31. Kf2 Nb3 32. Rc7 Nxa1 33. Rxa1 Re7 34.
Rac1 Rdd7 35. R7c2 Ke8 36. Bh3 Rf7 37. e5 Ke7 38. f4 Na4 39. Bf1 Nb6 40. Bb5
Rd8 41. Rc7+ Ke6 42. Rxf7 Kxf7 43. Rc7+ 1-0

[Event "Madrid 2019-2020 ch - Previa A"]
[Site "Madrid ESP"]
[Date "2020.02.10"]
[Round "4.28"]
[White "Bellagamba, Pascal"]
[Black "Penas Merino, Ramona"]
[Result "1/2-1/2"]
[WhiteElo "1612"]
[BlackElo "1422"]
[PlyCount "88"]
[EventDate "2020.02.03"]
[EventType "swiss"]
[EventRounds "9"]
[EventCountry "ESP"]
[SourceTitle "Ajedrez en Madrid"]
[Source "lmi"]
[SourceDate "2020.02.03"]
[SourceVersion "1"]
[SourceVersionDate "2020.02.27"]
[SourceQuality "1"]

1. Nf3 d5 2. g3 Nf6 3. Bg2 e6 4. d3 c5 5. O-O Nc6 6. Re1 Be7 7. Bg5 O-O 8. Nc3
Qc7 9. e4 d4 10. Ne2 e5 11. h3 Be6 12. a3 Rac8 13. b3 Nd7 14. Bxe7 Nxe7 15. g4
h6 16. Ng3 Ng6 17. Nh5 Qd8 18. Qd2 Nf6 19. Ng3 Nh7 20. Kh2 Qf6 21. Rg1 Ng5 22.
Nxg5 Qxg5 23. Qxg5 hxg5 24. Ne2 Nh4 25. Raf1 g6 26. Kg3 Nxg2 27. Rxg2 f6 28.
Ng1 b5 29. Nf3 c4 30. bxc4 bxc4 31. Ra1 cxd3 32. cxd3 Rc3 33. Ne1 Bc4 34. f3
Bxd3 35. Nxd3 Rxd3 36. Rc2 Rc3 37. Rxc3 dxc3 38. Rc1 Rc8 39. Rc2 Kf7 40. Kf2
Ke6 41. Ke3 f5 42. Kd3 Rc6 43. Rxc3 Ra6 44. Ke3 f4+ 1/2-1/2

[Event "Madrid 2019-2020 ch - Previa A"]
[Site "Madrid ESP"]
[Date "2020.02.10"]
[Round "4.29"]
[White "Martin Rodriguez, Anastasio"]
[Black "De Fuenmayor Fernandez de la, Carlos Pablo"]
[Result "1-0"]
[WhiteElo "1607"]
[BlackElo "1365"]
[PlyCount "95"]
[EventDate "2020.02.03"]
[EventType "swiss"]
[EventRounds "9"]
[EventCountry "ESP"]
[SourceTitle "Ajedrez en Madrid"]
[Source "lmi"]
[SourceDate "2020.02.03"]
[SourceVersion "1"]
[SourceVersionDate "2020.02.27"]
[SourceQuality "1"]

1. d4 d5 2. Bf4 Nf6 3. e3 c5 4. c3 Nc6 5. Nd2 cxd4 6. cxd4 Bf5 7. Bb5 e6 8.
Ngf3 h6 9. Qa4 Nd7 10. Rc1 Bb4 11. Bxc6 Bxd2+ 12. Nxd2 bxc6 13. Qxc6 O-O 14.
O-O Nf6 15. Qa6 Qb6 16. Qxb6 axb6 17. a3 Rfc8 18. f3 Bd3 19. Rfe1 b5 20. Nb3
Nd7 21. Nc5 Nxc5 22. dxc5 Kf8 23. Rc3 Bf5 24. Rec1 Rc6 25. Rb3 Ra5 26. Bg3 f6
27. Be1 Ra8 28. Rxb5 Bd3 29. Rb6 Rac8 30. Rxc6 Rxc6 31. b4 Bb5 32. a4 Bxa4 33.
Ra1 Bb5 34. Ra7 Ra6 35. Rb7 Bc4 36. b5 Ra1 37. Kf2 Rb1 38. c6 Rb2+ 39. Kg3 Bxb5
40. c7 Rc2 41. Rb8+ Ke7 42. c8=Q Rxc8 43. Rxc8 e5 44. Rc7+ Kf8 45. Bb4+ Kg8 46.
Rc5 Bc4 47. e4 Ba2 48. exd5 1-0

[Event "Madrid 2019-2020 ch - Previa A"]
[Site "Madrid ESP"]
[Date "2020.02.10"]
[Round "4.31"]
[White "Olmos Rodriguez, Arcadio"]
[Black "Rubio Gonzalez, Beltran"]
[Result "1/2-1/2"]
[WhiteElo "1404"]
[BlackElo "1601"]
[PlyCount "93"]
[EventDate "2020.02.03"]
[EventType "swiss"]
[EventRounds "9"]
[EventCountry "ESP"]
[SourceTitle "Ajedrez en Madrid"]
[Source "lmi"]
[SourceDate "2020.02.03"]
[SourceVersion "1"]
[SourceVersionDate "2020.02.27"]
[SourceQuality "1"]

1. c4 c6 2. Nc3 d5 3. cxd5 cxd5 4. Nf3 Nf6 5. g3 Nc6 6. Bg2 e5 7. Qa4 Bd7 8.
Qb3 Na5 9. Qc2 Bd6 10. d4 e4 11. Ne5 O-O 12. Bg5 Be6 13. O-O Rc8 14. Qd2 Nc4
15. Nxc4 Rxc4 16. Rac1 Be7 17. e3 h6 18. Bxf6 Bxf6 19. Ne2 Qd7 20. Rxc4 dxc4
21. Bxe4 b5 22. Nf4 Bd8 23. Nxe6 fxe6 24. Rd1 a5 25. d5 e5 26. Qc3 Qd6 27. b3
cxb3 28. Qxb3 b4 29. Rc1 Qa6 30. Rc6 Qe2 31. d6+ Kh8 32. Rc2 Qb5 33. Qd5 Qxd5
34. Bxd5 g6 35. Rc8 Kg7 36. f4 Kf6 37. Rc6 exf4 38. gxf4 Kf5 39. Kg2 g5 40.
fxg5 hxg5 41. Kg3 Ke5 42. e4 Rf6 43. d7 Rxc6 44. Bxc6 Kd6 45. Bb5 Ke5 46. Kf3
Bc7 47. h3 1/2-1/2

[Event "Madrid 2019-2020 ch - Previa A"]
[Site "Madrid ESP"]
[Date "2020.02.10"]
[Round "4.32"]
[White "Martinez Martinez, Javier II"]
[Black "Faggiano, Alessandro"]
[Result "0-1"]
[WhiteElo "1595"]
[BlackElo "1282"]
[PlyCount "106"]
[EventDate "2020.02.03"]
[EventType "swiss"]
[EventRounds "9"]
[EventCountry "ESP"]
[SourceTitle "Ajedrez en Madrid"]
[Source "lmi"]
[SourceDate "2020.02.03"]
[SourceVersion "1"]
[SourceVersionDate "2020.02.27"]
[SourceQuality "1"]

1. d4 Nf6 2. Nf3 d5 3. e3 g6 4. Bd3 Bg7 5. O-O O-O 6. Nbd2 Nc6 7. c3 Re8 8. Ne5
Nxe5 9. dxe5 Ng4 10. h3 Nxe5 11. Be2 c5 12. f4 Nc6 13. Nf3 e5 14. fxe5 Nxe5 15.
Nxe5 Rxe5 16. e4 Rxe4 17. Bf3 Re5 18. Bf4 Rf5 19. Bg4 Rf6 20. Qd2 Bxg4 21. hxg4
Re6 22. Qf2 b6 23. Rad1 d4 24. Qf3 Qe8 25. cxd4 Bxd4+ 26. Rxd4 cxd4 27. Bh6 Rd8
28. Bg5 Rd7 29. Qh3 Re1 30. Bf6 Rxf1+ 31. Kxf1 Qe6 32. Qf3 Qe8 33. Qh3 Rd6 34.
g5 Rxf6+ 35. gxf6 Qe6 36. Qf3 Qf5 37. Qxf5 gxf5 38. Ke2 h5 39. Kd3 Kh7 40. Kxd4
Kg6 41. Ke5 Kg5 42. b4 f4 43. b5 h4 44. Ke4 Kg4 45. a3 Kg3 46. Kd5 f3 47. gxf3
h3 48. Kd6 h2 49. Ke7 h1=Q 50. Kxf7 Qxf3 51. Kg7 Qxa3 52. f7 Qe7 53. Kh8 Qf8+
0-1

[Event "Madrid 2019-2020 ch - Previa A"]
[Site "Madrid ESP"]
[Date "2020.02.10"]
[Round "4.33"]
[White "Loriente Del Real, Alberto"]
[Black "Lucia Carpintero, Oscar"]
[Result "0-1"]
[WhiteElo "1288"]
[BlackElo "1655"]
[PlyCount "107"]
[EventDate "2020.02.03"]
[EventType "swiss"]
[EventRounds "9"]
[EventCountry "ESP"]
[SourceTitle "Ajedrez en Madrid"]
[Source "lmi"]
[SourceDate "2020.02.03"]
[SourceVersion "1"]
[SourceVersionDate "2020.02.27"]
[SourceQuality "1"]

1. e4 c6 2. Nf3 d5 3. exd5 cxd5 4. Bb5+ Bd7 5. Bxd7+ Nxd7 6. O-O Ngf6 7. d3 e6
8. Bg5 Be7 9. Nc3 O-O 10. Ne2 Re8 11. Re1 Qc7 12. Bh4 Rad8 13. Rc1 b5 14. Ned4
Qb6 15. c3 a5 16. h3 Rc8 17. Re2 Bd6 18. a4 b4 19. c4 dxc4 20. dxc4 Be7 21. b3
Nc5 22. Qc2 g6 23. Rd1 Qb7 24. Nb5 Rcd8 25. Red2 Rxd2 26. Rxd2 Nfe4 27. Rd4
Bxh4 28. Nxh4 Re7 29. Nf3 Rd7 30. Ne5 Rxd4 31. Nxd4 Qc7 32. Nef3 Qd6 33. Qb2
Nc3 34. Nb5 Qd1+ 35. Kh2 Qxb3 36. Qd2 Qxc4 37. Qd8+ Kg7 38. Nd6 Qf4+ 39. Kh1
N5e4 40. Nxe4 Nxe4 41. Kg1 Qc1+ 42. Kh2 Qc5 43. Nd4 Nxf2 44. Nxe6+ fxe6 45.
Qd7+ Kh6 46. Qd2+ g5 47. Qe2 Qf5 48. h4 gxh4 49. Qd2+ Kg6 50. Qd8 Qf4+ 51. Kg1
Ng4 52. Qd3+ Qf5 53. Qd1 Qc5+ 54. Kh1 0-1

[Event "Madrid 2019-2020 ch - Previa A"]
[Site "Madrid ESP"]
[Date "2020.02.10"]
[Round "4.35"]
[White "Suarez Mencia, Roberto"]
[Black "Martinez Carrasco, Jesus"]
[Result "0-1"]
[WhiteElo "1387"]
[BlackElo "1534"]
[PlyCount "116"]
[EventDate "2020.02.03"]
[EventType "swiss"]
[EventRounds "9"]
[EventCountry "ESP"]
[SourceTitle "Ajedrez en Madrid"]
[Source "lmi"]
[SourceDate "2020.02.03"]
[SourceVersion "1"]
[SourceVersionDate "2020.02.27"]
[SourceQuality "1"]

1. c4 c5 2. g3 Nc6 3. Bg2 g6 4. e3 Bg7 5. Ne2 e6 6. d4 cxd4 7. exd4 Nge7 8.
Nbc3 d5 9. cxd5 exd5 10. O-O O-O 11. a3 a5 12. Re1 Bg4 13. f3 Be6 14. Be3 Re8
15. Bf2 Qb6 16. Na4 Qc7 17. Rc1 b6 18. Nf4 Bd7 19. Nc3 Qd6 20. Nb5 Qb8 21. Nc3
Qd6 22. Qd2 Nd8 23. g4 Bh6 24. Bg3 Ne6 25. Nce2 Nxf4 26. Bxf4 Bxf4 27. Nxf4 Nc6
28. Rxe8+ Rxe8 29. Nh3 Qf6 30. Rd1 Qe6 31. Nf4 Qd6 32. Bf1 Nd8 33. Nh3 Ne6 34.
Re1 Kg7 35. Qf2 b5 36. f4 Nxf4 37. Rxe8 Nxh3+ 38. Bxh3 Bxe8 39. g5 f6 40. gxf6+
Qxf6 41. Qxf6+ Kxf6 42. Kf2 b4 43. Bg2 Ke6 44. Bh3+ Kf6 45. Kg3 g5 46. Bg2 Bf7
47. Bf3 h5 48. h4 Kf5 49. Be2 gxh4+ 50. Kxh4 Ke4 51. Kg5 Kxd4 52. Bb5 Ke5 53.
Be2 d4 54. Bd3 h4 55. Kxh4 Kf4 56. Bf1 Ke3 57. Bb5 b3 58. Kg3 d3 0-1

[Event "Madrid 2019-2020 ch - Previa A"]
[Site "Madrid ESP"]
[Date "2020.02.10"]
[Round "4.36"]
[White "Fernandez Sanchez, Jose M."]
[Black "Casal Martin, Jose M"]
[Result "1/2-1/2"]
[WhiteElo "1128"]
[BlackElo "1473"]
[PlyCount "89"]
[EventDate "2020.02.03"]
[EventType "swiss"]
[EventRounds "9"]
[EventCountry "ESP"]
[SourceTitle "Ajedrez en Madrid"]
[Source "lmi"]
[SourceDate "2020.02.03"]
[SourceVersion "1"]
[SourceVersionDate "2020.02.27"]
[SourceQuality "1"]

1. e4 e5 2. Nf3 Nc6 3. d4 exd4 4. Nxd4 Bc5 5. Be3 Bb6 6. Nxc6 bxc6 7. Qd2 Bxe3
8. Qxe3 Qf6 9. Nc3 g6 10. O-O-O Qe7 11. Be2 d5 12. exd5 Qxe3+ 13. fxe3 Ne7 14.
dxc6 a6 15. Nd5 Nxd5 16. Rxd5 Be6 17. Re5 O-O 18. b3 Rfd8 19. Rd1 Rxd1+ 20.
Bxd1 a5 21. Bf3 a4 22. Rb5 axb3 23. axb3 Kf8 24. Rb7 Rc8 25. c4 Ke7 26. Kc2 Kd6
27. b4 Bxc4 28. Kc3 Bd5 29. Bxd5 Kxd5 30. b5 f5 31. Kb4 g5 32. g3 h6 33. h3 Kd6
34. Ka5 Re8 35. b6 Rc8 36. Rxc7 Rxc7 37. bxc7 Kxc7 38. Kb5 h5 39. Kc5 h4 40.
gxh4 g4 41. h5 g3 42. h6 g2 43. h7 g1=Q 44. h8=Q Qxe3+ 45. Qd4 1/2-1/2

[Event "Madrid 2019-2020 ch - Previa A"]
[Site "Madrid ESP"]
[Date "2020.02.10"]
[Round "4.37"]
[White "Ramos Antona, Enrique"]
[Black "Arevillca Colque, Jonatan"]
[Result "1/2-1/2"]
[WhiteElo "1436"]
[BlackElo "1004"]
[PlyCount "93"]
[EventDate "2020.02.03"]
[EventType "swiss"]
[EventRounds "9"]
[EventCountry "ESP"]
[SourceTitle "Ajedrez en Madrid"]
[Source "lmi"]
[SourceDate "2020.02.03"]
[SourceVersion "1"]
[SourceVersionDate "2020.02.27"]
[SourceQuality "1"]

1. d4 Nf6 2. c4 d5 3. Nf3 Bg4 4. Ne5 Nc6 5. Nxg4 Nxg4 6. f3 Nf6 7. Bg5 e6 8. e3
h6 9. Bh4 g5 10. Bf2 Bb4+ 11. Nc3 Na5 12. a3 Bxc3+ 13. bxc3 Nxc4 14. Bxc4 dxc4
15. Qa4+ Qd7 16. Qxc4 b5 17. Qc5 a6 18. O-O Qd6 19. Qb4 Qxb4 20. axb4 O-O 21.
e4 h5 22. Ra2 g4 23. Bh4 Kg7 24. Bxf6+ Kxf6 25. Rfa1 gxf3 26. gxf3 Rg8+ 27. Rg2
Rxg2+ 28. Kxg2 e5 29. d5 Kg5 30. Kg3 h4+ 31. Kf2 f5 32. exf5 Kxf5 33. Ke3 h3
34. Rg1 Kf6 35. Rg3 Rh8 36. Ke4 Rh4+ 37. Ke3 Kf5 38. Rg7 Rc4 39. Kd3 Rf4 40.
Rf7+ Kg5 41. Rg7+ Kf5 42. Rxc7 Rxf3+ 43. Ke2 Ke4 44. d6 Re3+ 45. Kf2 Rf3+ 46.
Ke2 Re3+ 47. Kf2 1/2-1/2

[Event "Madrid 2019-2020 ch - Previa A"]
[Site "Madrid ESP"]
[Date "2020.02.11"]
[Round "5.1"]
[White "Panduru, Eugen"]
[Black "Rodriguez Diaz, Alberto Jose"]
[Result "1-0"]
[WhiteElo "1982"]
[BlackElo "1910"]
[PlyCount "73"]
[EventDate "2020.02.03"]
[EventType "swiss"]
[EventRounds "9"]
[EventCountry "ESP"]
[SourceTitle "Ajedrez en Madrid"]
[Source "lmi"]
[SourceDate "2020.02.03"]
[SourceVersion "1"]
[SourceVersionDate "2020.02.27"]
[SourceQuality "1"]

1. e4 d5 2. exd5 Qxd5 3. Nc3 Qd6 4. d4 c6 5. Bc4 Bf5 6. Nge2 Nd7 7. Bb3 Ngf6 8.
Bf4 e5 9. dxe5 Nxe5 10. Qxd6 Bxd6 11. O-O-O Bb8 12. Rhe1 O-O 13. h3 Bg6 14. a4
Bc7 15. Be3 Bb6 16. Nf4 Rfe8 17. Re2 Bxe3+ 18. Rxe3 Ned7 19. g4 Nc5 20. Bc4 Kf8
21. b4 Rxe3 22. Nxg6+ hxg6 23. fxe3 Nce4 24. Nxe4 Nxe4 25. Rd7 Kg8 26. Bxf7+
Kh7 27. Rxb7 a5 28. b5 cxb5 29. Rb6 Nc3 30. Bxg6+ Kg8 31. axb5 a4 32. Ra6 Rb8
33. b6 Nd5 34. b7 Nc7 35. Ra7 Kf8 36. Be4 Ke7 37. Ra8 1-0

[Event "Madrid 2019-2020 ch - Previa A"]
[Site "Madrid ESP"]
[Date "2020.02.11"]
[Round "5.2"]
[White "Alvarez Abejon, Amilcar"]
[Black "Camarero Izquierdo, Juan Carlos"]
[Result "1-0"]
[WhiteElo "1947"]
[BlackElo "1828"]
[PlyCount "85"]
[EventDate "2020.02.03"]
[EventType "swiss"]
[EventRounds "9"]
[EventCountry "ESP"]
[SourceTitle "Ajedrez en Madrid"]
[Source "lmi"]
[SourceDate "2020.02.03"]
[SourceVersion "1"]
[SourceVersionDate "2020.02.27"]
[SourceQuality "1"]

1. d4 f5 2. Nf3 e6 3. Bf4 Nf6 4. e3 d5 5. Bd3 Bd6 6. c4 c6 7. O-O O-O 8. Nbd2
Ne4 9. Bxd6 Qxd6 10. c5 Qe7 11. Ne5 Nxd2 12. Qxd2 Nd7 13. f4 Rf6 14. b4 Rh6 15.
a4 g5 16. b5 gxf4 17. exf4 Nxe5 18. fxe5 Qh4 19. Qf4 Bd7 20. Ra2 Kh8 21. Raf2
Qh5 22. Be2 Qg6 23. Rf3 Qg7 24. Rg3 Rg6 25. Rff3 Rg8 26. Rxg6 Qxg6 27. Rg3 Qe8
28. Rxg8+ Qxg8 29. Qh4 Qf8 30. Qg5 b6 31. cxb6 axb6 32. h4 c5 33. dxc5 Qxc5+
34. Kh2 Qf8 35. Kg3 Be8 36. Bf3 Bg6 37. Qf6+ Qxf6 38. exf6 e5 39. Bxd5 f4+ 40.
Kf2 Bc2 41. a5 bxa5 42. b6 e4 43. b7 1-0

[Event "Madrid 2019-2020 ch - Previa A"]
[Site "Madrid ESP"]
[Date "2020.02.11"]
[Round "5.4"]
[White "Pinel Mirasierra, Jose Pablo"]
[Black "Moreno Uribarri, Miguel"]
[Result "0-1"]
[WhiteElo "1966"]
[BlackElo "1802"]
[PlyCount "108"]
[EventDate "2020.02.03"]
[EventType "swiss"]
[EventRounds "9"]
[EventCountry "ESP"]
[SourceTitle "Ajedrez en Madrid"]
[Source "lmi"]
[SourceDate "2020.02.03"]
[SourceVersion "1"]
[SourceVersionDate "2020.02.27"]
[SourceQuality "1"]

1. d4 Nf6 2. c4 g6 3. g3 Bg7 4. Bg2 O-O 5. Nc3 d6 6. Nf3 Nbd7 7. O-O e5 8. e4
c6 9. h3 Qb6 10. dxe5 dxe5 11. Qc2 Qc7 12. Be3 Re8 13. Rad1 Nf8 14. Bc5 N6d7
15. Bd6 Qb6 16. b4 a5 17. b5 Ne6 18. Na4 Qa7 19. Rfe1 Nd4 20. Nxd4 exd4 21. b6
Qa6 22. c5 Qb5 23. Bf1 Qb4 24. Kg2 Ne5 25. Bxe5 Bxe5 26. Rb1 Qa3 27. Bc4 Be6
28. Qb3 Qxb3 29. Bxb3 Rad8 30. Bxe6 Rxe6 31. f4 Bg7 32. Kf3 Re7 33. Nb2 d3 34.
e5 f6 35. Nc4 d2 36. Red1 fxe5 37. fxe5 Bxe5 38. Rxd2 Rxd2 39. Nxd2 Bd4 40. Nc4
Bxc5 41. Nxa5 Bd6 42. a4 Kf7 43. Rd1 Bc5 44. Nc4 Ke8 45. Nd6+ Bxd6 46. Rxd6 Rd7
47. Re6+ Re7 48. Rxe7+ Kxe7 49. Ke4 Kd6 50. Kd4 c5+ 51. Kc4 Kc6 52. a5 g5 53.
g4 h6 54. Kc3 Kb5 0-1

[Event "Madrid 2019-2020 ch - Previa A"]
[Site "Madrid ESP"]
[Date "2020.02.11"]
[Round "5.5"]
[White "Garcia Sanz, Eduardo"]
[Black "Ciuro Munoz, Ricardo"]
[Result "0-1"]
[WhiteElo "1832"]
[BlackElo "1953"]
[PlyCount "86"]
[EventDate "2020.02.03"]
[EventType "swiss"]
[EventRounds "9"]
[EventCountry "ESP"]
[SourceTitle "Ajedrez en Madrid"]
[Source "lmi"]
[SourceDate "2020.02.03"]
[SourceVersion "1"]
[SourceVersionDate "2020.02.27"]
[SourceQuality "1"]

1. c4 Nf6 2. Nc3 c5 3. g3 d5 4. cxd5 Nxd5 5. Bg2 Nc7 6. Qa4+ Nd7 7. Nf3 e6 8.
O-O Be7 9. d3 O-O 10. Be3 Nb6 11. Qa5 Nd7 12. Nd2 Na6 13. Nc4 Nb6 14. Rfd1 Nd5
15. Rac1 Nxe3 16. fxe3 Nc7 17. Kf2 b6 18. Qa3 Nd5 19. Nxd5 exd5 20. Qa4 Bd7 21.
Qa6 dxc4 22. Bxa8 Qxa8 23. Rxc4 Bh3 24. Rg1 Bf6 25. Ra4 Bd7 26. Rf4 Bg5 27. Re4
Bc6 28. Rg4 Qd8 29. Rxg5 Qxg5 30. Qxa7 Qf6+ 31. Ke1 Qxb2 32. Rf1 Bd5 33. a3 Be6
34. Kf2 Bh3 35. Re1 Re8 36. e4 Qd4+ 37. e3 Qxd3 38. Qa4 b5 39. Rd1 Qc4 40. Qxc4
bxc4 41. Kf3 Be6 42. Rb1 Kf8 43. Rb5 Ra8 0-1

[Event "Madrid 2019-2020 ch - Previa A"]
[Site "Madrid ESP"]
[Date "2020.02.11"]
[Round "5.6"]
[White "Garcia Prados, David"]
[Black "Gil Sierra, Jacinto"]
[Result "1-0"]
[WhiteElo "1872"]
[BlackElo "1945"]
[PlyCount "49"]
[EventDate "2020.02.03"]
[EventType "swiss"]
[EventRounds "9"]
[EventCountry "ESP"]
[SourceTitle "Ajedrez en Madrid"]
[Source "lmi"]
[SourceDate "2020.02.03"]
[SourceVersion "1"]
[SourceVersionDate "2020.02.27"]
[SourceQuality "1"]

1. e4 c5 2. Nf3 Nc6 3. d4 cxd4 4. Nxd4 Nf6 5. Nc3 d6 6. Be3 Ng4 7. Bg5 Qb6 8.
Nce2 e5 9. h3 exd4 10. hxg4 Bxg4 11. f3 Be6 12. Bd2 Be7 13. Nf4 Rc8 14. a3 Ne5
15. b3 Qc5 16. Nxe6 fxe6 17. f4 Ng6 18. Qg4 Kf7 19. Bc4 d5 20. exd5 exd5 21.
Qf5+ Ke8 22. Bb4 Qc7 23. Bb5+ Kd8 24. Qxd5+ Bd6 25. O-O 1-0

[Event "Madrid 2019-2020 ch - Previa A"]
[Site "Madrid ESP"]
[Date "2020.02.11"]
[Round "5.7"]
[White "Esteban Amo, Jose M."]
[Black "Fernandez Rios, Jose Francisco"]
[Result "1/2-1/2"]
[WhiteElo "1932"]
[BlackElo "1794"]
[PlyCount "62"]
[EventDate "2020.02.03"]
[EventType "swiss"]
[EventRounds "9"]
[EventCountry "ESP"]
[SourceTitle "Ajedrez en Madrid"]
[Source "lmi"]
[SourceDate "2020.02.03"]
[SourceVersion "1"]
[SourceVersionDate "2020.02.27"]
[SourceQuality "1"]

1. d4 Nf6 2. Nf3 e6 3. e3 c5 4. Bd3 d5 5. b3 Nc6 6. O-O Bd6 7. Bb2 cxd4 8. exd4
O-O 9. a3 b6 10. Nbd2 Bb7 11. Ne5 Ne7 12. Qe2 Ng6 13. f4 Qc8 14. Rf3 a5 15.
Raf1 Ba6 16. c4 Ne7 17. Rh3 g6 18. g4 Nd7 19. Qf2 f6 20. Qh4 h5 21. Nxg6 Nxg6
22. Bxg6 Kg7 23. Bxh5 Rh8 24. Qe1 Nf8 25. Rc3 Qb8 26. Qf2 Ng6 27. Bxg6 Kxg6 28.
Re3 Kf7 29. Rg3 Ke7 30. Qf3 Qc7 31. Rh3 dxc4 1/2-1/2

[Event "Madrid 2019-2020 ch - Previa A"]
[Site "Madrid ESP"]
[Date "2020.02.11"]
[Round "5.8"]
[White "Yeves Miquel, Enrique"]
[Black "Rosa Ramirez, Victor D."]
[Result "1-0"]
[WhiteElo "1777"]
[BlackElo "1888"]
[PlyCount "83"]
[EventDate "2020.02.03"]
[EventType "swiss"]
[EventRounds "9"]
[EventCountry "ESP"]
[SourceTitle "Ajedrez en Madrid"]
[Source "lmi"]
[SourceDate "2020.02.03"]
[SourceVersion "1"]
[SourceVersionDate "2020.02.27"]
[SourceQuality "1"]

1. c4 e6 2. Nf3 d5 3. b3 Nf6 4. g3 c6 5. Bg2 Nbd7 6. Bb2 Bd6 7. O-O e5 8. cxd5
cxd5 9. d3 O-O 10. Nbd2 Re8 11. e4 d4 12. Nc4 Bc7 13. a4 Nb6 14. Nxb6 Bxb6 15.
h3 Bc7 16. b4 h6 17. Nd2 Nh7 18. Kh2 Be6 19. h4 Nf8 20. Bh3 Bxh3 21. Kxh3 Qd7+
22. Qg4 Ne6 23. Kh2 b5 24. Qd1 a6 25. a5 Bd6 26. Qb3 Kh8 27. Rac1 Rac8 28. Ba3
Qe7 29. Nf3 Qb7 30. Qd5 Qe7 31. Nxe5 Rcd8 32. f4 Bxb4 33. Bxb4 Qxb4 34. Nxf7+
Kh7 35. Nxd8 Qd2+ 36. Kh3 Nxf4+ 37. Rxf4 Qxc1 38. Qf5+ Kh8 39. Nf7+ Kg8 40.
Nxh6+ Kh8 41. Nf7+ Kg8 42. Ng5 1-0